Une economie a la recherche de la specialisation optimale

Uloženo v:
Podrobná bibliografie
Médium: Kniha
Jazyk:Undetermined
Vydáno: Paris D'Etudes Prospectives Internationales 1980
Témata:
Tagy: Přidat tag
Žádné tagy, Buďte první, kdo otaguje tento záznam!
Thư viện lưu trữ: Trung tâm Học liệu Trường Đại học Cần Thơ
LEADER 00442nam a2200157Ia 4500
001 CTU_86346
008 210402s9999 xx 000 0 und d
082 |a 330 
082 |b U56 
245 0 |a Une economie a la recherche de la specialisation optimale 
260 |a Paris 
260 |b D'Etudes Prospectives Internationales 
260 |c 1980 
650 |a Economic 
904 |i Năm 
980 |a Trung tâm Học liệu Trường Đại học Cần Thơ